Detalles MARC
| 000 -LEADER |
| campo de control de longitud fija |
02272cam a22004694i 4500 |
| 003 - IDENTIFICADOR DE NÚMERO DE CONTROL |
| campo de control |
PE-LiUPU |
| 005 - FECHA Y HORA DE LA ÚLTIMA TRANSACCIÓN |
| campo de control |
20250731173150.0 |
| 008 - DATOS DE LONGITUD FIJA--INFORMACIÓN GENERAL |
| campo de control de longitud fija |
150623s r 000 0 d |
| 020 ## - NÚMERO INTERNACIONAL ESTÁNDAR DEL LIBRO |
| Número Internacional Estándar del Libro |
156338275X |
| 035 ## - NÚMERO DE CONTROL DEL SISTEMA |
| Número de control de sistema |
(Sirsi) i9781563382758 |
| 040 ## - FUENTE DE CATALOGACIÓN |
| Centro catalogador/agencia de origen |
PE-LiUPU |
| Lengua de catalogación |
spa |
| Centro/agencia transcriptor |
PE-LiUPU |
| Normas de descripción |
rda |
| 049 ## - FONDOS LOCALES (OCLC) |
| Biblioteca depositaria |
PRUA |
| 082 04 - NÚMERO DE LA CLASIFICACIÓN DECIMAL DEWEY |
| Número de clasificación |
270.9 |
| Cutter |
E46 |
| Número de edición |
21 |
| 100 1# - ENTRADA PRINCIPAL--NOMBRE DE PERSONA |
| Nombre de persona |
Ellingsen, Mark, |
| Término indicativo de función/relación |
autor. |
| 245 10 - MENCIÓN DEL TÍTULO |
| Título |
Reclaiming our roots : |
| Resto del título |
an inclusive introduction to church history. |
| Número de parte o sección de la obra |
1 / |
| Mención de responsabilidad, etc. |
Mark Ellingsen. |
| 264 #1 - PRODUCCIÓN, PUBLICACIÓN, DISTRIBUCIÓN, FABRICACIÓN Y COPYRIGHT |
| Producción, publicación, distribución, fabricación y copyright |
Harrisburg, Pennsylvania : |
| Nombre del de productor, editor, distribuidor, fabricante |
Trinity Press International, |
| Fecha de producción, publicación, distribución, fabricación o copyright |
1999. |
| 300 ## - DESCRIPCIÓN FÍSICA |
| Extensión |
320 páginas : |
| Otras características físicas |
ilustraciones, mapas ; |
| Dimensiones |
22 centímetros |
| 336 ## - TIPO DE CONTENIDO |
| Término de tipo de contenido |
text |
| Fuente |
rdacontent |
| 337 ## - TIPO DE MEDIO |
| Nombre/término del tipo de medio |
unmediated |
| Fuente |
rdamedia |
| 338 ## - TIPO DE SOPORTE |
| Nombre/término del tipo de soporte |
volume |
| Fuente |
rdacarrier |
| 504 ## - NOTA DE BIBLIOGRAFÍA, ETC. |
| Nota de bibliografía, etc. |
Incluye bibliografía. |
| 505 0# - NOTA DE CONTENIDO CON FORMATO |
| Nota de contenido con formato |
The beginnings of christianity: including the gentiles. A liberating, open "Jewish" movement?. Defending the faith: the first christian apologists. Struggles against heresy. Life in the early Church. The establishment of christianity and the development of monasticism. The nicene solution. More internal struggles in a less friendly environment. Augostine and the Augustinian synthesis. The great contemporaries of Augustine. Christological controversies, a divided christendom, and a new order. The middle ages: Tests of strength for church and state. Scholastic theology in the high middle ages. Dawn of the reformation. The beginnings of colonial christianity and its imparct on the church in Europe. |
| 526 ## - NOTA DE INFORMACIÓN SOBRE EL PROGRAMA DE ESTUDIO |
| Nombre del programa |
Segunda Especialidad En Profecías Bíblicas |
| 526 ## - NOTA DE INFORMACIÓN SOBRE EL PROGRAMA DE ESTUDIO |
| Nombre del programa |
Segunda Especialidad En Nuevo Testamento |
| 526 ## - NOTA DE INFORMACIÓN SOBRE EL PROGRAMA DE ESTUDIO |
| Nombre del programa |
Segunda Especialidad En Antiguo Testamento |
| 526 ## - NOTA DE INFORMACIÓN SOBRE EL PROGRAMA DE ESTUDIO |
| Nombre del programa |
Segunda Especialidad En Estudios Adventistas |
| 526 ## - NOTA DE INFORMACIÓN SOBRE EL PROGRAMA DE ESTUDIO |
| Nombre del programa |
Doctorado en teología |
| 526 ## - NOTA DE INFORMACIÓN SOBRE EL PROGRAMA DE ESTUDIO |
| Nombre del programa |
Maestría en teología histórica |
| 526 ## - NOTA DE INFORMACIÓN SOBRE EL PROGRAMA DE ESTUDIO |
| Nombre del programa |
Maestría en teología bíblica |
| 526 ## - NOTA DE INFORMACIÓN SOBRE EL PROGRAMA DE ESTUDIO |
| Nombre del programa |
Maestría en teología |
| 526 ## - NOTA DE INFORMACIÓN SOBRE EL PROGRAMA DE ESTUDIO |
| Nombre del programa |
Maestría en misionología |
| 526 ## - NOTA DE INFORMACIÓN SOBRE EL PROGRAMA DE ESTUDIO |
| Nombre del programa |
Maestría en liderazgo eclesiástico |
| 526 ## - NOTA DE INFORMACIÓN SOBRE EL PROGRAMA DE ESTUDIO |
| Nombre del programa |
Teología |
| 596 ## - |
| -- |
1 |
| 650 04 - PUNTO DE ACCESO ADICIONAL DE MATERIA--TÉRMINO DE MATERIA |
| Término de materia o nombre geográfico como elemento de entrada |
Iglesia |
| Subdivisión general |
Historia |
| Subdivisión cronológica |
Edad media. |
| 650 04 - PUNTO DE ACCESO ADICIONAL DE MATERIA--TÉRMINO DE MATERIA |
| Término de materia o nombre geográfico como elemento de entrada |
Iglesia |
| Subdivisión general |
Historia |
| Subdivisión cronológica |
Período primitivo. |
| 942 ## - ELEMENTOS DE ENTRADA SECUNDARIOS (KOHA) |
| Fuente del sistema de clasificación o colocación |
Clasificación Decimal Dewey |
| Tipo de ítem Koha |
|
| 949 ## - PROCESAMIENTO DE INFORMACIÓN LOCAL (OCLC) |
| a |
270.9 E46 1 |
| w |
DEWEY |
| c |
1 |
| i |
53437 |
| l |
CCODEBUL1 |
| m |
BUL |
| p |
27.00 |
| r |
0 |
| s |
Y |
| t |
BOOK |
| u |
2015-6-24 |
| x |
TEOLOGIA |
| -- |
P35 |
| 0 |
COMPRA |
| o |
.STAFF. Colección General |
| 994 ## - |
| -- |
C0 |
| -- |
PEPRU |
| 999 ## - NÚMEROS DE CONTROL DE SISTEMA (KOHA) |
| -- |
DEWEY |
| -- |
53437 |
| -- |
2021-11-11 |
| -- |
5 |
| -- |
CCODEBUL1 |
| -- |
BUL |
| -- |
27.00 |
| -- |
0 |
| -- |
Y |
| -- |
BOOK |
| -- |
2015-6-24 |
| -- |
TEOLOGIA |
| -- |
P35 |
| -- |
COMPRA |
| -- |
.STAFF. Colección General |
| 980 ## - EQUIVALENCIA O REFERENCIA-CRUZADA-MENCIÓN DE SERIE--NOMBRE DE PERSONA/TÍTULO [LOCAL, CANADÁ] |
| ID del último usuario que modificó el registro |
1 |
| Nombre del último usuario que modificó el registro |
ALBERTO SANCHEZ Responsable de Automatización |